| 000 | 00692nam a22002417a 4500 | ||
|---|---|---|---|
| 005 | 20241207113444.0 | ||
| 008 | 241207b ||||| |||| 00| 0 eng d | ||
| 020 | _a9789391155957 | ||
| 040 | _cAL | ||
| 041 | _aEnglish | ||
| 082 |
_223 _a340.54 _bBERF |
||
| 100 |
_aFernand Bernard _9188629 |
||
| 245 | _aFirst Year of Roman Law | ||
| 260 |
_aBengaluru _bMPP House _c2024 |
||
| 300 |
_a326 p. _bHB _c22x14 cm. |
||
| 365 |
_a1060 _b₹653.35 _c₹ _d₹895.00 _e27% _f28-11-2024 |
||
| 650 |
_aLaw _9188630 |
||
| 650 |
_aRoman law _9188631 |
||
| 650 |
_aHistory of the Roman law _9188632 |
||
| 700 |
_aBERNARD (Fernand) _9188633 |
||
| 700 |
_aSHERMAN (Charles P) _9188634 |
||
| 942 |
_2ddc _cBK |
||
| 999 |
_c232277 _d232277 |
||